| 000 | 00345 a2200145 4500 | ||
|---|---|---|---|
| 001 | 153738 | ||
| 040 | _cEscola São Tomás de Aquino | ||
| 100 | _aBARBOSA,Nair de Medeiros | ||
| 240 | 1 | 0 |
_aUma surpresa pro papai _lpor |
| 245 | 1 | 0 | _aUma surpresa pro papai |
| 362 | 0 | _a1997 | |
| 440 | 1 | _aFTD | |
| 697 | _a*LITERATURA INFANTIL | ||
| 942 | _cBK | ||
| 999 |
_c153738 _d153738 |
||